000
00303nam a2200121Ia 4500
005
20251222152705.0
008
251222s9999||||xx |||||||||||||| ||spa||
020
_a
84-320-4260-9
082
_a
REF.030/P66/T.I:A-I/S
245
0
_a
Nueva Enciclopedia Larousse
264
_b
Editorial Planeta
942
_c
LIB
999
_c
28965
_d
28965